Analýza vybraných účtovných a daňových podvodov diplomová práca

Enregistré dans:
Détails bibliographiques
Auteur principal: Verníčková, Dominika
Collectivité auteur: Fakulta hospodárskej informatiky EU. Katedra účtovníctva a audítorstva
Autres auteurs: Kubaščíková, Zuzana, 1982-
Format: Livre
Langue:slovaque
Publié: Bratislava 2016
Tags: Ajouter un tag
Pas de tags, Soyez le premier à ajouter un tag!

MARC

LEADER 00000nbm a2200000 4500
001 0216828
005 20240905111845.8
041 0 |a slo 
044 |a SK 
245 1 0 |a Analýza vybraných účtovných a daňových podvodov  |b diplomová práca  |c Dominika Verníčková ; školiteľ: Zuzana Kubaščíková 
264 1 |a Bratislava  |c 2016 
300 |a 87 s. 
100 1 |a Verníčková, Dominika 
700 1 |a Kubaščíková, Zuzana, 1982- 
710 2 |a Fakulta hospodárskej informatiky EU. Katedra účtovníctva a audítorstva